000 00715nam a2200205Ia 4500
005 20260121110014.0
008 008 260114s9999 xx 000 0 hin d
020 _a9788132363507
037 _aEBOOK
040 _aCRL
_bhin
_cCRL
041 _ahin
_2hin
084 _qCRL
100 _aपरमजीत सिंह / Parmjeet Singh
_9940877
245 0 _aजैव विविधता एवं विज्ञान प्रौद्योगिकी / Jaiv vividhta aur vigyaan pradyogiki
260 _bभाषा प्रकाशन / Bhasha Prakashan
_c2022
856 _uhttps://bhashaprakashan.com/product-details/379821
942 _cEBOOK
999 _c1532542
_d1532542